Electrical engineering science (Record no. 2967)

000 -LEADER
fixed length control field 00422nam a22001577a 4500
008 - FIXED-LENGTH DATA ELEMENTS--GENERAL INFORMATION
fixed length control field 200318b ||||| |||| 00| 0 eng d
082 00 - DEWEY DECIMAL CLASSIFICATION NUMBER
Classification number 621.3
Item number M8641
100 ## - MAIN ENTRY--PERSONAL NAME
9 (RLIN) 116
Personal name Morley, Arthur.
245 10 - TITLE STATEMENT
Title Electrical engineering science
250 ## - EDITION STATEMENT
Edition statement 2nd ed.
260 ## - PUBLICATION, DISTRIBUTION, ETC. (IMPRINT)
Place of publication, distribution, etc London
Name of publisher, distributor, etc Langmans Green and Co.
Date of publication, distribution, etc 1955
300 ## - PHYSICAL DESCRIPTION
Extent ix,268 p.
365 ## - TRADE PRICE
Unit of pricing 11.11
650 #0 - SUBJECT ADDED ENTRY--TOPICAL TERM
Topical term or geographic name as entry element Electrical Engineering
942 ## - ADDED ENTRY ELEMENTS (KOHA)
Item type Books
Holdings
Withdrawn status Lost status Source of classification or shelving scheme Damaged status Not for loan Permanent location Current location Date acquired Source of acquisition Full call number Barcode Date last seen Koha item type
          IMU Kolkata IMU Kolkata 1956-03-14 A. H. Wheeler 621.3 M8641 02220 2020-03-18 Books
Designed and Maintained by IMU-KC Library, Kolkata Campus © Copyright All Rights Reserved

webs counters

Powered by Koha